000 00962nam a2200241 a 4500
001 53706
003 BD-RjUL
005 20211209080016.0
008 161024s1971 ii ||||| |||| 00| 0 ben d
020 _c: IRs 12.00
035 _a(BD-RjUL)53828
040 _aBD-RjUL
_bben
_cBD-RjUL
041 _aben
082 _223
_a891.4409
_bMUS 1971
100 _aমুখোপাধ্যায়, অরুণকুমার
_9160482
245 1 0 _aসাহিত্য-সন্ধান /
_cঅরুণকুমার মুখোপাধ্যায়
250 _a১ম সং
260 _aকলিকাতা :
_bআনন্দধারা প্রকাশন,
_c১৯৭১
300 _a[৮], ৩০৭ পৃ. ;
_c২১ সেমি.
650 _aবাংলা সাহিত্য
_xইতিহাস ও সমালোচনা
_9160483
650 _aBengali Literature
_xHistory & Criticism
_9160484
942 _2ddc
_cBK
999 _c53706
_d53706